000 00524nam a2200217Ia 4500
003 OSt
005 20220928145318.0
006 a|||||r|||| 00| 0
007 ta
008 220927b |||||||| |||| 00| 0 eng d
024 _a80062
037 _cTextual
040 _aSDCL
_cSDCL
_beng
041 _2eng
_aeng
082 _aB62, L4
100 _aBeck Anatole
_9512533
245 0 _aContinuous flows in the plane.
260 _c1974
942 _hB62, L4
_cTEXL
_2CC
999 _c833118
_d833118